Социальная роль прикладных исследований в системе "структурно-функционального анализа" общества: критический обзор работ американского социолога Р.-К. Мертона; Ученые записки; № 52

Podrobná bibliografie
Parent link:Ученые записки: [сборник статей]/ Томский государственный университет (ТГУ).— , 1946-
№ 52.— 1964.— С. 176-187
Hlavní autor: Зельманов А. Б.
Shrnutí:В фонде НТБ ТПУ отсутствует
Jazyk:ruština
Vydáno: 1964
Témata:
Médium: MixedMaterials Kapitola
KOHA link:https://koha.lib.tpu.ru/cgi-bin/koha/opac-detail.pl?biblionumber=590667

MARC

LEADER 00000naa0a2200000 4500
001 590667
005 20250123124923.0
035 |a (RuTPU)RU\TPU\tpu\15 
090 |a 590667 
100 |a 20011210d1964 k||y0rusy50 ca 
101 0 |a rus 
102 |a RU 
200 1 |a Социальная роль прикладных исследований в системе "структурно-функционального анализа" общества  |e критический обзор работ американского социолога Р.-К. Мертона  |f А. Б. Зельманов 
333 |a В фонде НТБ ТПУ отсутствует 
461 |t Ученые записки  |o [сборник статей]  |f Томский государственный университет (ТГУ)  |d 1946-   |s Ученые записки Томского государственного университета (ТГУ) 
463 |t № 52  |v С. 176-187  |d 1964 
600 1 |a Мертон  |b Р.-К.  |c американский социолог  |c профессор  |f 1910-  |g Роберт-Кинг  |2 stltpush  |3 (RuTPU)RU\TPU\pers\5681  |9 1132 
610 1 |a философия 
610 1 |a общественно-политические учения 
610 1 |a американская социология 
610 1 |a общество 
610 1 |a структурно-функциональный анализ 
610 1 |a прикладные исследования 
610 1 |a социальная роль 
610 1 |a обзоры 
610 1 |a труды учёных ТПУ 
700 1 |a Зельманов  |b А. Б. 
801 0 |a RU  |b 63413507  |c 20011210  |g PSBO 
801 2 |a RU  |b 63413507  |c 20220707  |g PSBO 
942 |c CR